| 000 | 00693nam a22001817a 4500 | ||
|---|---|---|---|
| 005 | 20220314164442.0 | ||
| 008 | 220312b ||||| |||| 00| 0 eng d | ||
| 040 | _cCAAAP | ||
| 041 | _aspa | ||
| 050 | 4 |
_aSD387.I4 _bP87 |
|
| 110 | 2 |
_aProyecto de Capacitación, Extensión y Divulgación Forestal (Pucallpa) _95018 |
|
| 245 | 1 | 0 |
_aInventario forestal para la evaluación de bosques en pequeñas áreas / _bProyecto de Capacitación Extensión y Divulgación Forestal |
| 260 |
_aPucallpa: _bEl Proyecto, _c1991 |
||
| 300 |
_a64 p.: _bil.; _c24 cm. |
||
| 650 | 0 |
_93873 _aInventarios forestales _vManuales |
|
| 710 | 2 |
_95020 _aCooperación Técnica del Gobierno Suizo |
|
| 942 |
_2lcc _bDD - MM - AA _cBK |
||
| 999 |
_c3544 _d3544 |
||